| 000 | 00941cab a2200241 4500 | ||
|---|---|---|---|
| 001 | WB3222-34 | ||
| 008 | 090401t1996 xxu||||| |||| 00| 0 eng d | ||
| 035 | _a(Sirsi) u20905 | ||
| 041 | _aeng | ||
| 245 | _aDetermination of lease | ||
| 260 | _c1996 | ||
| 350 | _a0 | ||
| 490 |
_aEstates Gazette Case Summaries _v[1996] EGCS 94, (1) (1/6/96) |
||
| 520 | _a"Cadogan and another v McCarthy & Stone Developments Ltd" CA 16 May 1996. A `reasonable prospect` of obtaining planning permission for redevelopment of a landlord`s site does exist, and therefore allows them to oppose a tenant`s application for a new tenancy. | ||
| 650 | _aCADOGAN AND ANOTHER V MCCARTHY & STONE DEVELOPMENTS LTD | ||
| 650 | _aDETERMINATION | ||
| 650 | _aLANDLORD AND TENANT ACT 1954 S30(1) | ||
| 650 | _aPLANNING PERMISSION | ||
| 650 | _aREDEVELOPMENT | ||
| 690 | _aLANDLORD AND TENANT-CASE LAW-BUSINESS TENANCIES | ||
| 942 | _n0 | ||
| 948 | _c04/03/1997 | ||
| 999 |
_c14015 _d14015 |
||